Cuentos malayos. (Record no. 185914)
[ view plain ]
| 000 -LEADER | |
|---|---|
| campo de control de longitud fija | 00562nam a2200181 i 4500 |
| 001 - NÚMERO DE CONTROL | |
| campo de control | 185914 |
| 003 - IDENTIFICADOR DE NÚMERO DE CONTROL | |
| campo de control | ES-MaACL |
| 005 - FECHA Y HORA DE LA ÚLTIMA TRANSACCIÓN | |
| campo de control | 20230906222538.0 |
| 008 - DATOS DE LONGITUD FIJA--INFORMACIÓN GENERAL | |
| campo de control de longitud fija | 160823s1926 sp |||| | spa d |
| 245 00 - MENCIÓN DEL TÍTULO | |
| Título | Cuentos malayos. |
| 260 ## - PUBLICACIÓN, DISTRIBUCIÓN, ETC. | |
| Lugar de publicación, distribución, etc. | Madrid : |
| Nombre del editor, distribuidor, etc. | Revista de Occidente, |
| Fecha de publicación, distribución, etc. | [1926] |
| 300 ## - DESCRIPCIÓN FÍSICA | |
| Extensión | 180 p. ; |
| Dimensiones | 18 cm. |
| 490 1# - MENCIÓN DE SERIE | |
| Mención de serie | Musas lejanas. Mitos, cuentos, leyendas ; |
| Designación de volumen o secuencia | 9 |
| 650 #4 - PUNTO DE ACCESO ADICIONAL DE MATERIA--TÉRMINO DE MATERIA | |
| Término de materia o nombre geográfico como elemento de entrada | Cuentos populares- |
| Subdivisión geográfica | Archipiélago malayo. |
| 9 (RLIN) | 160543 |
| 830 1# - PUNTO DE ACCESO ADICIONAL DE SERIE-TÍTULO UNIFORME | |
| Título uniforme | Musas lejanas. Mitos, cuentos, leyendas ; |
| Designación de volumen o secuencia | 9 |
| 9 (RLIN) | 192435 |
| 852 ## - LOCALIZACIÓN | |
| Ubicación | ES-MaACL |
| Número de control de estantería | C-13757 |
| Estatus retirado | Estado de pérdida | Estado de daño | No para préstamo | Biblioteca de origen | Biblioteca actual | Ubicación en estantería | Fecha de adquisición | Fuente de adquisición | Total de préstamos | Signatura topográfica completa | Código de barras | Visto por última vez | Precio de reemplazo | Tipo de ítem Koha |
|---|---|---|---|---|---|---|---|---|---|---|---|---|---|---|
| Biblioteca del Ateneo de Madrid | Biblioteca del Ateneo de Madrid | Sala Palomar | 23/08/2016 | C-13757 | 1195990 | 23/02/2023 | 23/02/2023 | Libro impreso |
